| 000 | 00436nam a2200169 a 4500 | ||
|---|---|---|---|
| 005 | 20140412111349.0 | ||
| 008 | 070710s19uu xx 00 eng d | ||
| 020 | _a0-7214-1950 | ||
| 050 |
_aER _bSl1 |
||
| 100 | _aSouthgate, Vera | ||
| 245 |
_aThe sly Fox and the Red Hen / _cVera Southgate. |
||
| 260 |
_aEngland : _bLadybird books. |
||
| 300 | _a51 | ||
| 440 | _aWell Loved tales | ||
| 650 | _aChildren stories | ||
| 999 |
_c105284 _d105284 |
||